000 00530nam a22001697a 4500
999 _c8992
_d8992
008 210309b ||||| |||| 00| 0 eng d
040 _aBMS College of Architecture
100 _aRangwala, Jameela
245 _aSustainable residential township
300 _a37p.
500 _a1BM09AT019
502 _8B.Arch
_NBMS College of Architecture, Visvesvaraya Technological University (VTU)
_aProject report
_d2013
650 _aResidential
700 _aAjaichandran C K
_eGuide
700 _aBhagyalaxmi M
_eGuide
942 _2ddc
_cTHE